000 00726nam a2200265 i 4500
001 C2-0127481
003 PPAK
005 20210621084553.0
008 970920s1994 my j | 0 p may d
020 _a9838801003
_qpaperback
040 _aPPAK
_beng
_cPPAK
_erda
082 0 4 _a899.231
_223
090 0 0 _a899.231
_bWSU
_dK
100 0 _aW.S. Uzala,
_eauthor.
245 1 0 _aPokok dimakan daunpun layu /
_cW.S. Uzala
264 1 _aPetaling Jaya, Selangor :
_bEddiplex,
_c1994
300 _a30 pages :
_c26 cm
336 _2rdacontent
_atext
337 _2rdamedia
_aunmediated
338 _2rdacarrier
_avolume
490 1 _aSiri haiwan kecil
650 1 0 _aMalay poetry
830 0 _aSiri haiwan kecil
942 _cB
_2ddc
999 _c38105
_d38105